Estatísticas para Tabela Periódica dos Elementos Químicos

Clique aqui para jogar o quiz

Estatísticas Gerais

  • Esse quiz foi jogado 57 701 vezes
  • A pontuação média é 42 de 118

Estatísticas das Respostas

#SímboloElemento% Correto
1HHidrogênio
93%
8OOxigênio
93%
79AuOuro
87%
6CCarbono
84%
2HeHélio
82%
26FeFerro
81%
47AgPrata
80%
29CuCobre
78%
7NNitrogênio
77%
11NaSódio
76%
19KPotássio
74%
17ClCloro
67%
20CaCálcio
67%
12MgMagnésio
66%
15PFósforo
66%
3LiLítio
65%
13AlAlumínio
64%
16SEnxofre
63%
9FFlúor
61%
5BBoro
59%
88RaRádio
59%
92UUrânio
58%
80HgMercúrio
54%
53IIodo
53%
30ZnZinco
53%
10NeNeônio
51%
35BrBromo
51%
56BaBário
51%
25MnManganês
50%
18ArArgônio
50%
4BeBerílio
50%
55CsCésio
50%
82PbChumbo
48%
54XeXenônio
48%
14SiSilício
44%
87FrFrâncio
44%
74WTungstênio
43%
22TiTitânio
43%
31GaGálio
43%
27CoCobalto
42%
78PtPlatina
42%
94PuPlutônio
41%
28NiNíquel
40%
84PoPolônio
40%
24CrCrômio
39%
49InÍndio
39%
34SeSelênio
39%
38SrEstrôncio
38%
36KrCriptônio
37%
50SnEstanho
37%
33AsArsênio
35%
37RbRubídio
35%
86RnRadônio
33%
32GeGermânio
32%
23VVanádio
31%
41NbNióbio
31%
52TeTelúrio
29%
48CdCádmio
28%
104RfRutherfórdio
28%
83BiBismuto
27%
99EsEinstênio
26%
46PdPaládio
26%
40ZrZircônio
26%
45RhRódio
25%
85AtÁstato
25%
39YÍtrio
25%
81TlTálio
24%
21ScEscândio
24%
77IrIrídio
24%
42MoMolibdênio
23%
57LaLantânio
23%
51SbAntimônio
23%
76OsÓsmio
23%
93NpNetúnio
22%
73TaTântalo
22%
107BhBóhrio
21%
98CfCalifórnio
21%
58CeCério
20%
89AcActínio
20%
95AmAmerício
20%
44RuRutênio
20%
69TmTúlio
20%
63EuEurópio
20%
75ReRênio
19%
43TcTecnécio
19%
96CmCúrio
19%
103LrLaurêncio
18%
72HfHáfnio
18%
90ThTório
18%
112CnCopernício
17%
115McMoscóvio
17%
101MdMendelévio
17%
118OgOganessônio
17%
71LuLutécio
16%
60NdNeodímio
15%
105DbDúbnio
15%
68ErÉrbio
15%
108HsHássio
15%
62SmSamário
15%
102NoNobélio
15%
116LvLivermório
14%
113NhNihônio
14%
106SgSeabórgio
14%
64GdGadolínio
14%
65TbTérbio
14%
100FmFérmio
14%
97BkBerquélio
14%
70YbItérbio
14%
110DsDarmstácio
13%
61PmPromécio
13%
114FlFleróvio
13%
59PrPraseodímio
13%
91PaProtactínio
13%
66DyDisprósio
12%
67HoHólmio
12%
109MtMeitnério
12%
111RgRoentgênio
12%
117TsTenesso
12%

Distribuição das Pontuações

Percentil de Números Respondidos

Porcentagem de Pessoas com Cada Pontuação

Sua Pontuação Histórica

Você não jogou esse quiz